Taylor Swift - Devine la chanson sans indices #80 - Statistiques

Statistiques générales
  • Ce quiz a été pris 182 fois
    160 depuis la dernière actualisation
  • Le résultat moyen est 254 sur 411
Statistiques - réponses
Réponse % Correct
I
100%
you
98%
You
98%
you,
98%
the
95%
The
95%
me
94%
me,
94%
an
93%
we
93%
We
93%
your
93%
be
91%
to
90%
To
90%
were
89%
it
87%
It
87%
who
87%
I'm
86%
And
85%
and
85%
my
85%
on
83%
in
82%
It's
82%
it's
82%
when
82%
So
79%
so
79%
for
78%
is
78%
this
78%
was
78%
of
77%
that
77%
could
76%
go
76%
hear
76%
can
74%
know
74%
have
73%
If
73%
if
73%
by
69%
don't
69%
But
68%
but
68%
like
68%
too,
68%
at
67%
I'll
67%
not
66%
ever
65%
Time
65%
with
65%
would
65%
as
61%
out
60%
there
60%
all
59%
I've
58%
just
58%
how
56%
even
55%
Even
55%
stay
55%
down
52%
L.A.
52%
babe
51%
call
51%
damn
50%
now
50%
Now
50%
season,
50%
season
50%
house
49%
'Tis
49%
weekend
47%
back
46%
make
46%
wanted
46%
up
45%
tell
44%
gone
43%
heart
43%
parents'
43%
stayin'
42%
write
42%
leave
41%
right
41%
same
40%
yours
40%
ask
39%
good
39%
only
39%
about
38%
always
38%
friends
38%
won't
38%
day
37%
car
36%
though
36%
known
34%
looks
34%
own
34%
real
34%
bad
33%
okay
33%
There's
33%
While
33%
hometown
32%
road
32%
asked
31%
called
30%
hanging
30%
taken
30%
bed
29%
ours
29%
flies,
28%
leads
28%
smile,
28%
around
27%
breakin'
27%
felt
27%
books
26%
fakin'
26%
leavin'
26%
times'
26%
which
25%
run,
24%
used
24%
wait
24%
far
23%
kind
23%
put
23%
wonder
23%
old
22%
parked
22%
smiles
22%
warmest
22%
missing
21%
Sleep
21%
watched
20%
ache
19%
between
18%
cold,
18%
Methodist
18%
remember
18%
ride
18%
sake
18%
school
18%
soul
18%
Who'll
18%
half
17%
perfume
16%
passed
15%
escaped
14%
messy
14%
tires
14%
truck
13%
holidays
12%
mud
12%
glass
11%
linger
11%
windshield
10%
fogs
8%
Aucun quiz correspondant
Distribution des résultats
% des personnes avec chaque résultat
Percentile par nombre de réponses
Votre historique - résultats
Vous n’avez pas pris ce quiz depuis la dernière actualisation